Gaming Quiz

Random Gaming or Video Games Quiz

Mega Man Robot Masters Quiz Stats

 Plays Quiz Updated Aug 14, 2019

Support Sporcle.
Go Orange.
Score 0/96 Timer 10:00
18 Plays Today
Game Robot Master % Correct
Mega Man (& Powered Up)Fire Man
90.4%
Mega Man (& Powered Up)Ice Man
88%
Mega Man (& Powered Up)Cut Man
85.1%
Mega Man 2Wood Man
81.9%
Mega Man (& Powered Up)Guts Man
79.5%
Mega Man (& Powered Up)Elec Man
78.3%
Mega Man 2Air Man
77.9%
Mega Man 2Bubble Man
77%
Mega Man 2Metal Man
76.6%
Mega Man (& Powered Up)Bomb Man
75.3%
Mega Man 2Heat Man
73.6%
Mega Man 2Flash Man
72.7%
Mega Man 2Quick Man
72.3%
Mega Man 3Snake Man
72%
Mega Man 2Crash Man
70%
Mega Man 6Flame Man
65.6%
Mega Man 3Gemini Man
65%
Mega Man 3Shadow Man
64.4%
Mega Man 3Hard Man
63.6%
Mega Man 3Top Man
63.6%
Mega Man 6Wind Man
62.3%
Mega Man 11Block Man
60.3%
Mega Man 4Skull Man
59.7%
Mega Man 3Spark Man
59.6%
Mega Man 11Bounce Man
59.1%
Mega Man 3Magnet Man
58.9%
Mega Man 4Toad Man
58.5%
Mega Man 4Pharaoh Man
58.1%
Mega Man (& Powered Up)Time Man (Powered Up)
57.7%
Mega Man (& Powered Up)Oil Man (Powered Up)
57.5%
Mega Man 11Acid Man
57.3%
Mega Man 3Needle Man
57.1%
Game Robot Master % Correct
Mega Man 9Splash Woman
56.7%
Mega Man 6Plant Man
55.7%
Mega Man 6Knight Man
55.4%
Mega Man 11Blast Man
55.1%
Mega Man 5Star Man
54%
Mega Man 4Dust Man
54%
Mega Man 7Freeze Man
53.2%
Mega Man 4Dive Man
53.1%
Mega Man 6Centaur Man
53%
Mega Man 5Gravity Man
52.9%
Mega Man 5Stone Man
52.8%
Mega Man 8Clown Man
52.2%
Mega Man 6Yamato Man
51.2%
Mega Man 11Tundra Man
51.1%
Mega Man 4Bright Man
50.9%
Mega Man 4Ring Man
50.8%
Mega Man 8Sword Man
50.8%
Mega Man 4Drill Man
50.7%
Mega Man 11Torch Man
50.5%
Mega Man 5Charge Man
50.2%
Mega Man 5Napalm Man
49.9%
Mega Man 6Tomahawk Man
49.8%
Mega Man 6Blizzard Man
49.8%
Mega Man 7Slash Man
49.7%
Mega Man 5Wave Man
49.3%
Mega Man 7Junk Man
49%
Mega Man 7Cloud Man
48.9%
Mega Man 11Fuse Man
48.4%
Mega Man 8Tengu Man
48.3%
Mega Man & BassTengu Man
48.3%
Mega Man 9Galaxy Man
48.2%
Mega Man 5Gyro Man
47.8%
Game Robot Master % Correct
Mega Man 11Impact Man
47.3%
Mega Man 5Crystal Man
46.8%
Mega Man 7Shade Man
46.7%
Mega Man 9Tornado Man
46.7%
Mega Man 8Aqua Man
46.6%
Mega Man 7Turbo Man
46.3%
Mega Man 8Astro Man
46.2%
Mega Man & BassAstro Man
46.2%
Mega Man 7Spring Man
45.1%
Mega Man 8Frost Man
44.7%
Mega Man 9Concrete Man
44.3%
Mega Man 9Jewel Man
43.5%
Mega Man 9Magma Man
43.2%
Mega Man 9Hornet Man
43%
Mega Man & BassCold Man
42.8%
Mega Man 7Burst Man
40.8%
Mega Man 8Grenade Man
40.7%
Mega Man 8Search Man
40.4%
Mega Man 9Plug Man
39.7%
Mega Man & BassMagic Man
38.2%
Mega Man & BassPirate Man
36.6%
Mega Man & BassGround Man
35.7%
Mega Man 10Sheep Man
35.2%
Mega Man & BassBurner Man
34.1%
Mega Man 10Blade Man
32.2%
Mega Man & BassDynamo Man
31.3%
Mega Man 10Strike Man
27.4%
Mega Man 10Chill Man
27.3%
Mega Man 10Pump Man
27.1%
Mega Man 10Nitro Man
26.9%
Mega Man 10Solar Man
26.4%
Mega Man 10Commando Man
26.4%

From the Vault

Things That Are Green II

by SporcleEXP

Now this is a quiz that fills us with envy.
Remove Ads.
Support Sporcle.
Get the best of Sporcle when you Go Orange. This ad-free experience offers more features, more stats, and more fun while also helping to support Sporcle. Thank you for becoming a member.

Show Comments

Extras

Top Quizzes Today


Score Distribution

Your Account Isn't Verified!

In order to create a playlist on Sporcle, you need to verify the email address you used during registration. Go to your Sporcle Settings to finish the process.

Report this User

Report this user for behavior that violates our Community Guidelines.

Details: